000 00536cam a2200169 4500500
005 20260329002324.0
041 _afre
042 _adc
100 1 0 _aDuru, Martin
_eauthor
245 0 0 _aAisthesis : Scènes du régime esthétique de l’art
260 _c2011.
500 _a82
690 _aDémocratie
690 _aModernité
786 0 _nPhilosophie magazine | 55 | 12 | 2011-12-01 | p. 55-56 | 1951-1787
856 4 1 _uhttps://shs.cairn.info/magazine-philosophie-magazine-2011-12-page-55?lang=fr&redirect-ssocas=7080
999 _c1813908
_d1813908